| 000 | 01143cam a2200289 a 4500 | ||
|---|---|---|---|
| 001 | 4047967 | ||
| 005 | 19991115131233.0 | ||
| 008 | 990128s2000 cau b 001 0 eng | ||
| 010 | _a99018200 | ||
| 020 | _a0534517242 (alk. paper) | ||
| 040 |
_aDLC _cDLC _dDLC |
||
| 050 | 0 | 0 |
_aBJ1031 _b.C6 2000 |
| 082 | 0 | 0 |
_a170 _221 _bWHI |
| 100 |
_93287 _aWhite, James E. |
||
| 245 | 0 | 0 |
_aContemporary Moral Problems / _cJames E. White. |
| 250 | _a6th ed. | ||
| 260 |
_aBelmont, CA : _bWadsworth Pub. Co., _cc2000. |
||
| 300 |
_aviii, 616 p. ; _c24 cm. |
||
| 504 | _aIncludes bibliographical references and index. | ||
| 650 | 0 |
_aEthical problems. _93288 |
|
| 650 | 0 |
_aApplied ethics. _93289 |
|
| 650 | 0 |
_aCivilization, Modern _y1950- _93290 |
|
| 700 | 1 |
_aWhite, James E. _93291 |
|
| 942 |
_2ddc _cBB |
||
| 999 |
_c11211 _d11211 |
||